| 000 | 01005nam a22002777a 4500 | ||
|---|---|---|---|
| 001 | BR9503616 | ||
| 003 | BR-BrBNA | ||
| 005 | 20230928094447.0 | ||
| 007 | ta | ||
| 008 | 230509b bl.||||| |||| 00| 0 por d | ||
| 040 |
_aBR-BrBNA _bpor _cBiblioteca Nacional de Agricultura |
||
| 041 | _a(Por) | ||
| 072 |
_aL73 _b5600 _b4140 |
||
| 090 | _ 5600 BR9503616 | ||
| 100 | 1 | _aCosta, P.S. da | |
| 110 | 1 |
_aUniversidade Federal Rural do Rio de Janeiro, RJ (Brasil) _0Tese (Doutor em Medicina Veterinaria) _911244 |
|
| 245 | 1 | _aInfeccao experimental por Cystoisospora felis (Wenyon, 1923)Frenkel, 1977 (Apicomplexa: Cystoisosporinae): inspecao, avaliacao do parasitismo e patologia em coelhos do tipo carne | |
| 260 | 3 |
_aRio de Janeiro, RJ (Brasil): _c1993. |
|
| 300 | _a132 p. | ||
| 500 | _a14 illus.; 9 tables; Summaries (Eng, Por); Bibliography p. 110-119 (63 ref.) | ||
| 650 | _aCoelho | ||
| 650 | _aParasito de Animal | ||
| 650 | _aInfeccao | ||
| 909 |
_a202309 _bLucia _c55 _dLucia Elande |
||
| 942 | _cBK | ||
| 999 |
_c50849 _d50849 |
||